[Event "South Moravia Region-chT 2223"]
[Site "Czech Republic"]
[Date "2022.11.27"]
[Round "4.7"]
[White "Hyrs, Martin"]
[Black "Skalka, Michal"]
[Result "1/2-1/2"]
[WhiteElo "1854"]
[BlackElo "1866"]
[PlyCount "51"]
[EventDate "2022.10.09"]
[EventType "team-tourn"]
[EventRounds "11"]
[EventCountry "CZE"]
[SourceTitle "EXT 2024"]
[Source "ChessBase"]
[SourceDate "2023.10.10"]
[SourceVersion "1"]
[SourceVersionDate "2023.10.10"]
[SourceQuality "1"]

1. d4 d5 2. Nf3 Nf6 3. Bg5 e6 4. e3 Be7 5. c4 0-0 6. Nc3 c6 7. cxd5 Nxd5 8. Bxe7 Qxe7 9. Rc1 Qb4 10. Qc2 Nd7 11. Bd3 N5f6 12. 0-0 Re8 13. a3 Qa5 14. Rfe1 h6 15. Ne4 Nxe4 16. Bxe4 Nf6 17. Bd3 Bd7 18. Ne5 Rac8 19. b4 Qc7 20. h3 Red8 21. b5 Qb8 22. Qb2 cxb5 23. Bxb5 Bxb5 24. Qxb5 Rxc1 25. Rxc1 Rc8 26. Rb1 1/2-1/2

[Event "Skalica Masters op"]
[Site "Skalica"]
[Date "2020.08.24"]
[Round "3"]
[White "Hollan, Petr"]
[Black "Skalka, Michal"]
[Result "1/2-1/2"]
[WhiteElo "2317"]
[BlackElo "1794"]
[PlyCount "119"]
[EventDate "2020.08.23"]
[EventType "swiss"]
[EventRounds "9"]
[EventCountry "SVK"]
[SourceTitle "CBM 198 Extra"]
[Source "ChessBase"]
[SourceDate "2020.11.30"]
[SourceVersion "1"]
[SourceVersionDate "2020.11.30"]
[SourceQuality "1"]

1. e4 c5 2. Nf3 Nc6 3. Bb5 d6 4. 0-0 Bd7 5. c3 Nf6 6. Re1 g6 7. d4 a6 8. Ba4 b5 9. Bc2 Bg4 10. Be3 cxd4 11. cxd4 Bg7 12. h3 Bxf3 13. Qxf3 Rc8 14. Nd2 0-0 15. Qd1 Nb4 16. Bb1 Qc7 17. a4 Nc2 18. Bxc2 Qxc2 19. axb5 axb5 20. Qf3 Qc7 21. Nf1 Qb7 22. Ng3 Rc2 23. d5 Ra8 24. Bd4 Rc4 25. Qd3 Nd7 26. Bxg7 Kxg7 27. b3 Rc5 28. Kh2 b4 29. Qd4+ f6 30. Rxa8 Qxa8 31. Qxb4 Ne5 32. Qd2 Qb7 33. Ra1 Rb5 34. f4 Nd7 35. Qf2 Qb6 36. Qxb6 Nxb6 37. Ra7 Kf7 38. Ra3 Nd7 39. Ne2 Rb4 40. Ra4 Rxb3 41. Nd4 Nc5 42. Nxb3 Nxa4 43. Kg3 e6 44. dxe6+ Kxe6 45. Kf3 Nc3 46. Ke3 d5 47. Nd2 dxe4 48. Nxe4 Nxe4 49. Kxe4 f5+ 50. Kd4 h6 51. Kc5 g5 52. g3 Kf6 53. Kd5 g4 54. h4 Kg6 55. Kd6 Kh5 56. Ke7 Kg6 57. Kf8 Kh5 58. Kg8 Kg6 59. h5+ Kxh5 60. Kh7 1/2-1/2

[Event "Morava-ch U16"]
[Site "Kouty nad Desnou"]
[Date "2012.10.25"]
[Round "4"]
[White "Skalka, Michal"]
[Black "Chromik, Tomas"]
[Result "0-1"]
[WhiteElo "1538"]
[BlackElo "1889"]
[PlyCount "48"]
[EventDate "2012.10.24"]
[EventType "swiss"]
[EventRounds "9"]
[EventCountry "CZE"]
[SourceTitle "EXT 2015"]
[Source "ChessBase"]
[SourceDate "2014.11.20"]
[SourceVersion "1"]
[SourceVersionDate "2014.11.20"]
[SourceQuality "1"]

1. e4 e6 2. d4 d5 3. exd5 exd5 4. Nc3 c6 5. Nf3 Bd6 6. Be2 Ne7 7. Be3 Bg4 8. Qd2 Qc7 9. h3 Bf5 10. Bd3 Nd7 11. 0-0-0 0-0-0 12. Ng5 Rhf8 13. g4 Bg6 14. h4 h6 15. Bxg6 Nxg6 16. h5 Nf4 17. Nh3 Ne6 18. f4 Nb6 19. f5 Nc4 20. Qf2 Qa5 21. Rdf1 Nxb2 22. Kxb2 Ba3+ 23. Kb1 Qb4+ 24. Ka1 Qb2# 0-1

[Event "CZE-chTE U20 1112"]
[Site "Czech Republic"]
[Date "2011.10.16"]
[Round "4.6"]
[White "Skalka, Michal"]
[Black "Zuziak, Petr"]
[Result "0-1"]
[WhiteElo "1464"]
[BlackElo "1577"]
[PlyCount "120"]
[EventDate "2011.10.15"]
[EventType "team-tourn"]
[EventRounds "7"]
[EventCountry "CZE"]
[SourceTitle "EXT 2013"]
[Source "ChessBase"]
[SourceDate "2012.11.22"]
[SourceVersion "1"]
[SourceVersionDate "2012.11.22"]
[SourceQuality "1"]
[WhiteTeam "Borsice"]
[BlackTeam "Brno Duras"]
[WhiteTeamCountry "CZE"]
[BlackTeamCountry "CZE"]

1. e4 e5 2. Nc3 Nf6 3. Bc4 Nxe4 4. Qh5 Nd6 5. Bb3 Nc6 6. Nb5 g6 7. Qf3 f5 8. Qd5 Qe7 9. Nxc7+ Kd8 10. Nxa8 b6 11. Nxb6 axb6 12. d3 Bb7 13. Qf3 Nd4 14. Qh3 e4 15. Qe3 Bg7 16. Qg5 Bf6 17. Qe3 g5 18. Ne2 f4 19. Qd2 exd3 20. Qxd3 Bxg2 21. Qa6 Qxe2+ 22. Qxe2 Nxe2 23. Kxe2 Bxh1 24. f3 Bg2 25. Kf2 Bh3 26. Bd2 Bd4+ 27. Ke2 Re8+ 28. Kd3 Bc5 29. Bc3 Bf5+ 30. Kd2 h6 31. Bg7 Be3+ 32. Kd1 Bf2 33. Kd2 Re3 34. Bf6+ Kc7 35. Bd4 Rxf3 36. Rf1 Be3+ 37. Bxe3 Rxf1 38. Bd4 Ne4+ 39. Ke2 Rh1 40. Be5+ d6 41. Bg7 Rxh2+ 42. Kf3 Rh3+ 43. Ke2 Rh2+ 44. Ke1 f3 45. Bd4 Re2+ 46. Kd1 Bg4 47. Bc4 Rd2+ 48. Ke1 Rxd4 49. Bd3 Rxd3 50. cxd3 f2+ 51. Kf1 Bh3+ 52. Ke2 f1Q+ 53. Ke3 Qf4+ 54. Kd4 Nc5+ 55. Kc3 Kc6 56. b4 Kb5 57. a3 Na4+ 58. Kb3 Qc1 59. d4 Be6+ 60. d5 Bxd5# 0-1

[Event "CZE-chTE U20 1112"]
[Site "Czech Republic"]
[Date "2011.10.16"]
[Round "3.6"]
[White "Tuma, Jan"]
[Black "Skalka, Michal"]
[Result "1-0"]
[WhiteElo "1701"]
[BlackElo "1464"]
[PlyCount "89"]
[EventDate "2011.10.15"]
[EventType "team-tourn"]
[EventRounds "7"]
[EventCountry "CZE"]
[SourceTitle "EXT 2013"]
[Source "ChessBase"]
[SourceDate "2012.11.22"]
[SourceVersion "1"]
[SourceVersionDate "2012.11.22"]
[SourceQuality "1"]
[WhiteTeam "Policka"]
[BlackTeam "Borsice"]
[WhiteTeamCountry "CZE"]
[BlackTeamCountry "CZE"]

1. e4 c5 2. Nf3 Nc6 3. d4 cxd4 4. Nxd4 g6 5. Nc3 Bg7 6. Be3 Nf6 7. f3 0-0 8. Bc4 Qa5 9. Bb3 Qb4 10. a3 Qb6 11. Nf5 Qc7 12. Nxg7 Kxg7 13. Qd2 Rd8 14. 0-0-0 Na5 15. Ba2 Nc4 16. Bh6+ Kg8 17. Nd5 Qc5 18. Qc3 Ne8 19. Qxc4 Qxc4 20. Nxe7+ Kh8 21. Bxc4 Nf6 22. Bg5 Kg7 23. e5 Ng8 24. Nf5+ gxf5 25. Bxd8 Kf8 26. Bd3 Ke8 27. Bg5 d6 28. exd6 Be6 29. Rhe1 Kd7 30. Bb5+ Kc8 31. Rxe6 fxe6 32. d7+ Kc7 33. d8Q+ Rxd8 34. Rxd8 Kb6 35. Bd7 h6 36. Bh4 Kc7 37. Bxe6 f4 38. Bxg8 Kb6 39. Ra8 a6 40. Bf2+ Ka5 41. b4+ Ka4 42. Kb2 Kb5 43. c4+ Ka4 44. Bh7 b5 45. Bc2# 1-0